000 01830nam a2200301 a 4500
001 ASIN0470092181
003 OSt
005 20180116192421.0
008 140227s2004 xxu eng d
020 _a0470092181 (paperback)
_c$70.00
020 _a9780470092187 (paperback)
040 _csada
050 0 4 _aNA2728
082 0 4 _a720
245 1 0 _aFolding in architecture /
_cGreg Lynn.
250 _aRevised Edition.
260 _a[S.l.] :
_bAcademy Press,
_c2004.
300 _a112 p. ;
_c31 cm.
490 1 _aArchitectural design.
520 _aThis seminal book from Architectural Design was originally published in 1993, at a time of crucial change and on the eve of the digital revolution. It brought together a series of essays that many believe created the favourable environment in which computer-based design could thrive. Considered one of the most influential architecture publications of the 1990s, this book ranks as a classic and in itself is a crucial chapter of history, though one that has been out of print since 1999. This faithful reprinting includes a substantial new introductory essay by Mario Carpo, Head of the Study Centre at the Canadian Centre for Architecture, which examines the impact of the original texts and their ongoing significance. Thereafter, the book is true to its original content showcasing projects by ground-breaking architects such as Greg Lynn, Jeffrey Kipnis, Bahram Shirdel, Frank Gehry and Philip Johnson.
650 0 _aArchitecture--Technological innovations
_97355
650 0 _aDeleuze, Gilles, 1925-1995
_97356
650 0 _aInfluence (Literary, artistic, etc.)
_97357
700 1 _aLynn, Greg.
_97358
830 0 _aArchitectural design.
_97359
856 4 0 _3Amazon.com
_uhttp://www.amazon.com/exec/obidos/ASIN/0470092181/chopaconline-20
942 _2ddc
_cBK
999 _c353902
_d353902